Countries surrounding Vigo - Statistics

General Stats
  • This quiz has been taken 5 times
  • The average score is 60 of 97
Answer Stats
Bearing Country % Correct
20.1º – 21.3º France
100%
21.9º – 83.8º France
100%
85.1º – 87.8º France
100%
237.4º – 240.7º France
100%
254.3º – 255.0º France
100%
259.0º – 259.2º France
100%
259.5º – 259.6º France
100%
344.1º – 353.2º Iceland
100%
353.3º – 353.4º Iceland
100%
353.7º – 353.8º Iceland
100%
87.8º – 99.0º Italy
100%
99.0º – 190.4º Portugal
100%
192.0º – 192.2º Portugal
100%
206.0º – 207.7º Portugal
100%
252.4º – 253.0º Portugal
100%
255.8º – 257.3º Portugal
100%
261.7º – 263.4º Portugal
100%
263.9º – 264.3º Portugal
100%
268.0º – 268.5º Portugal
100%
268.9º – 269.1º Portugal
100%
8.7º – 20.1º United Kingdom
100%
21.3º – 21.9º United Kingdom
100%
259.6º – 259.7º United Kingdom
100%
260.9º – 261.2º United Kingdom
100%
269.1º – 269.9º United Kingdom
100%
276.3º – 276.4º United Kingdom
100%
210.2º – 210.7º Argentina
75%
211.2º – 211.4º Argentina
75%
212.4º – 213.0º Brazil
75%
213.2º – 213.4º Brazil
75%
214.5º – 237.4º Brazil
75%
291.7º – 321.0º Canada
75%
353.8º – 8.7º Ireland
75%
353.2º – 353.3º Ireland
75%
353.4º – 353.7º Ireland
75%
190.4º – 192.0º Morocco
75%
192.2º – 201.2º Morocco
75%
260.4º – 260.6º United States of America
75%
261.2º – 261.7º United States of America
75%
278.8º – 291.7º United States of America
75%
83.8º – 85.1º Andorra
50%
269.9º – 270.1º Bahamas
50%
270.6º – 271.0º Bahamas
50%
271.3º – 272.2º Bahamas
50%
272.5º – 276.3º Bahamas
50%
276.4º – 278.8º Bahamas
50%
251.9º – 252.3º Barbados
50%
208.8º – 210.2º Cape Verde
50%
210.7º – 211.2º Cape Verde
50%
211.4º – 212.4º Cape Verde
50%
213.0º – 213.2º Cape Verde
50%
213.4º – 214.5º Cape Verde
50%
260.1º – 260.4º Colombia
50%
260.6º – 260.9º Colombia
50%
270.1º – 270.6º Cuba
50%
271.0º – 271.3º Cuba
50%
272.2º – 272.5º Cuba
50%
321.0º – 344.1º Denmark
50%
255.4º – 255.8º Dominica
50%
263.7º – 263.9º Dominican Republic
50%
264.3º – 267.6º Dominican Republic
50%
253.0º – 253.0º Grenada
50%
243.7º – 248.4º Guyana
50%
267.6º – 268.0º Haiti
50%
268.5º – 268.7º Haiti
50%
268.7º – 268.9º Nicaragua
50%
263.4º – 263.7º Panama
50%
240.7º – 243.7º Suriname
50%
248.4º – 250.6º Venezuela
50%
250.7º – 251.9º Venezuela
50%
252.3º – 252.4º Venezuela
50%
253.6º – 253.7º Venezuela
50%
254.0º – 254.3º Venezuela
50%
255.0º – 255.4º Venezuela
50%
257.3º – 257.4º Venezuela
50%
257.7º – 257.9º Venezuela
50%
257.9º – 258.0º Venezuela
50%
258.4º – 258.4º Venezuela
50%
259.3º – 259.4º Venezuela
50%
259.9º – 260.1º Venezuela
50%
257.4º – 257.7º Antigua and Barbuda
25%
257.9º – 257.9º Antigua and Barbuda
25%
258.0º – 258.2º Antigua and Barbuda
25%
258.3º – 258.4º Netherlands
25%
258.7º – 259.0º Netherlands
25%
259.2º – 259.3º Netherlands
25%
259.4º – 259.5º Netherlands
25%
259.6º – 259.6º Netherlands
25%
259.7º – 259.9º Netherlands
25%
258.2º – 258.3º Saint Kitts and Nevis
25%
258.4º – 258.7º Saint Kitts and Nevis
25%
253.7º – 254.0º Saint Lucia
25%
253.0º – 253.6º Saint Vincent and the Grenadines
25%
250.6º – 250.7º Trinidad and Tobago
25%
268.9º – 268.9º Jamaica
0%
201.2º – 206.0º New Zealand
0%
207.7º – 208.8º New Zealand
0%
No matching quizzes found
Score Distribution
Percent of People with Each Score
Percentile by Number Answered
Your Score History
You have not taken this quiz